भारतीय शिक्षा ग्रंथमाला (Record no. 31445)
[ view plain ]
| 000 -LEADER | |
|---|---|
| fixed length control field | 00392nam a22001217a 4500 |
| 003 - CONTROL NUMBER IDENTIFIER | |
| control field | SGT |
| 082 ## - DEWEY DECIMAL CLASSIFICATION NUMBER | |
| Classification number | 080 |
| Item number | B17K |
| 100 ## - MAIN ENTRY--PERSONAL NAME | |
| Personal name | काटदरे, इंदुमती |
| 245 ## - TITLE STATEMENT | |
| Title | भारतीय शिक्षा ग्रंथमाला |
| 260 ## - PUBLICATION, DISTRIBUTION, ETC. (IMPRINT) | |
| Name of publisher, distributor, etc | पुनरुत्थान प्रकाशन सेवा ट्रस्ट |
| Year of Publication | 2017 |
| 300 ## - PAGE DESCRIPTION | |
| No. of Pages | 412 |
| 942 ## - ADDED ENTRY ELEMENTS (KOHA) | |
| Source of classification or shelving scheme | Dewey Decimal Classification |
| Koha item type | Books |
| Withdrawn status | Lost status | Source of classification or shelving scheme | Damaged status | Not for loan | Home library | Current library | Shelving location | Date acquired | Volume Information (Serial or Books or Non-Book Material) | SGTU | Full call number | Accession No. (Barcode) | Date last seen | Bill Date | Koha item type |
|---|---|---|---|---|---|---|---|---|---|---|---|---|---|---|---|
| Dewey Decimal Classification | Not For Loan | SGT Chancellor's Library | SGT Chancellor's Library | Reference Book | 17/06/2025 | 1 | SGTU | 080 B17K | CH3443 | 17/06/2025 | 17/06/2025 | Books | |||
| Dewey Decimal Classification | Not For Loan | SGT Chancellor's Library | SGT Chancellor's Library | Reference Book | 17/06/2025 | 2 | SGTU | 080 B17K | CH3444 | 17/06/2025 | 17/06/2025 | Books | |||
| Dewey Decimal Classification | Not For Loan | SGT Chancellor's Library | SGT Chancellor's Library | Reference Book | 17/06/2025 | 3 | SGTU | 080 B17K | CH3445 | 17/06/2025 | 17/06/2025 | Books | |||
| Dewey Decimal Classification | Not For Loan | SGT Chancellor's Library | SGT Chancellor's Library | Reference Book | 17/06/2025 | 4 | SGTU | 080 B17K | CH3446 | 17/06/2025 | 17/06/2025 | Books | |||
| Dewey Decimal Classification | Not For Loan | SGT Chancellor's Library | SGT Chancellor's Library | Reference Book | 17/06/2025 | 5 | SGTU | 080 B17K | CH3447 | 17/06/2025 | 17/06/2025 | Books |